书目信息 |
| 题名: |
新常态下污水处理厂工程总承包建设与管理
|
|
| 作者: | 彭鹏 , 生骏 主编 | |
| 分册: | ||
| 出版信息: | 北京 中国建筑工业出版社 2024.08 |
|
| 页数: | 12, 310页 | |
| 开本: | 26cm | |
| 丛书名: | 纪念上海市政工程设计研究总院 (集团) 有限公司成立70周年系列丛书 | |
| 单 册: | ||
| 中图分类: | X505 | |
| 科图分类: | ||
| 主题词: | 污水处理厂--wu shui chu li chang--工程施工--施工管理--上海 | |
| 电子资源: | ||
| ISBN: | 978-7-112-30087-7 | |
| 000 | 01368nam 2200277 450 | |
| 001 | 92940 | |
| 005 | 20250818170939.30 | |
| 010 | @a978-7-112-30087-7@dCNY70.00 | |
| 100 | @a20241123d2024 em y0chiy50 ea | |
| 101 | 0 | @achi |
| 102 | @aCN@b110000 | |
| 105 | @aak z 000yy | |
| 106 | @ar | |
| 200 | 1 | @a新常态下污水处理厂工程总承包建设与管理@Axin chang tai xia wu shui chu li chang gong cheng zong cheng bao jian she yu guan li@e石洞口污水处理厂二期工程@f彭鹏, 生骏主编 |
| 210 | @a北京@c中国建筑工业出版社@d2024.08 | |
| 215 | @a12, 310页@c图@d26cm | |
| 225 | 2 | @a纪念上海市政工程设计研究总院 (集团) 有限公司成立70周年系列丛书@Aji nian shang hai shi zheng gong cheng she ji yan jiu zong yuan (ji tuan) you xian gong si cheng li 70 zhou nian xi lie cong shu |
| 330 | @a本书详细记录了石洞口污水处理厂二期工程的建设与管理经验, 总结新常态下污水处理厂建设与管理的新理念、新方法和新技术, 为我国污水处理行业的技术进步和管理创新提供有益的参考和借鉴。 | |
| 410 | 0 | @12001 @a纪念上海市政工程设计研究总院 (集团) 有限公司成立70周年系列丛书 |
| 517 | 1 | @a石洞口污水处理厂二期工程@Ashi dong kou wu shui chu li chang er qi gong cheng |
| 606 | 0 | @a污水处理厂@Awu shui chu li chang@x工程施工@x施工管理@y上海 |
| 690 | @aX505@v5 | |
| 701 | 0 | @a彭鹏@Apeng peng@4主编 |
| 701 | 0 | @a生骏@Asheng jun@4主编 |
| 801 | 0 | @aCN@c20250909 |
| 905 | @a河南城建学院图书馆@dX505@eP532@f1 | |
| 新常态下污水处理厂工程总承包建设与管理:石洞口污水处理厂二期工程/彭鹏, 生骏主编.-北京:中国建筑工业出版社,2024.08 |
| 12, 310页:图;26cm.-(纪念上海市政工程设计研究总院 (集团) 有限公司成立70周年系列丛书) |
| ISBN 978-7-112-30087-7:CNY70.00 |
| 本书详细记录了石洞口污水处理厂二期工程的建设与管理经验, 总结新常态下污水处理厂建设与管理的新理念、新方法和新技术, 为我国污水处理行业的技术进步和管理创新提供有益的参考和借鉴。 |
| ● |
| 相关链接 |
|
|
|
正题名:新常态下污水处理厂工程总承包建设与管理
索取号:X505/P532
 
预约/预借
| 序号 | 登录号 | 条形码 | 馆藏地/架位号 | 状态 | 备注 |
| 1 | 1626898 | 216268982 | 自科库501/501自科库 68排3列3层/ [索取号:X505/P532] | 在馆 |